| 000 | 01051nam a22002537a 4500 | ||
|---|---|---|---|
| 999 |
_c3498 _d3498 |
||
| 003 | AR-CdUCM | ||
| 008 | 190306b ||||| |||| 00| 0 spa d | ||
| 040 |
_aMUNICIPALIDAD PROVINCIAL DEL CUSCO _cBIBLIOTECA MUNICIPAL DEL CUSCO |
||
| 041 | _heng | ||
| 082 |
_22ed. _a338.91 / _bB28 |
||
| 100 |
_aBauer, Péter Tamás _911499 |
||
| 245 | _aAnálisis y política económica de los países subdesarrollados / | ||
| 260 |
_aMadrid : _bTecnos, _c1965. |
||
| 300 |
_a165 páginas ; _c24 cm. |
||
| 440 |
_aSemilla y Surco, Colección de Ciencias Sociales. _n10 _911500 |
||
| 505 | _aContenido: El estudio económico de los países subdesarrollados -- Algunos rasgos sobresalientes del paisaje económico -- Algunos problemas de la política económica de los países subdesarrollados. | ||
| 650 |
_aDesarrollo económico _91696 |
||
| 650 |
_aPaíses en desarrollo _96901 |
||
| 650 |
_aCondiciones económicas _91989 |
||
| 700 |
_aMuns, Joaquin (traducción) _911501 |
||
| 700 |
_aSpengler, J. J. (prologo) _911502 |
||
| 942 |
_2ddc _cLIBROS |
||
| 945 | _aachl | ||